[Event "Acropolis Open"]
[Site "Athens GRE"]
[Date "2008.08.15"]
[Round "7"]
[White "Angelis,M"]
[Black "Makka,E"]
[Result "1-0"]
[WhiteElo "2224"]
[BlackElo "2099"]

1.Nf3 d5 2.g3 c6 3.Bg2 Bg4 4.d3 Nf6 5.Nbd2 Nbd7 6.O-O h6 7.b3 e5 8.e4 Bd6
9.Bb2 O-O 10.Qe1 Re8 11.h3 Be6 12.a3 dxe4 13.dxe4 Qc7 14.Qe2 Nb6 15.Rac1 Rad8
16.c4 c5 17.Nb1 Nfd7 18.Nc3 f6 19.Nd5 Qc8 20.Kh2 Nf8 21.Ne1 Bf7 22.Nc2 Ne6
23.Nce3 Nd4 24.Qd3 Qb8 25.Nc2 Bf8 26.Rce1 Nc8 27.f4 Ne7 28.Nxd4 exd4 29.Rb1 b6
30.Bc1 Qc8 31.Bd2 Qc6 32.Rf2 Qd7 33.Rbf1 Rc8 34.a4 Rb8 35.g4 Rbc8 36.Kh1 Rcd8
37.Qg3 Kh8 38.h4 Nxd5 39.cxd5 Bg8 40.f5 Bd6 41.Bf4 Bxf4 42.Rxf4 Bh7 43.g5 Qd6
44.Rg1 Rd7 45.Bf1 Red8 46.Bd3 Re7 47.Qf3 Rc7 48.Rfg4 Qf8 49.Qf4 Qd6 50.gxf6 gxf6
51.Qxh6 Qe7 52.d6  1-0

[Event "WCh-Junior"]
[Site "Gaziantep TUR"]
[Date "2008.08.15"]
[Round "13"]
[White "Ramirez,Alej"]
[Black "Wen Yang"]
[Result "0-1"]
[WhiteElo "2531"]
[BlackElo "2487"]

1.Nf3 d5 2.g3 Bg4 3.Bg2 Nd7 4.c4 e6 5.d3 Ngf6 6.O-O c6 7.Nbd2 Bh5 8.b3 Be7
9.Bb2 O-O 10.Qc2 a5 11.a3 h6 12.Bc3 Bg6 13.Qb2 b5 14.b4 bxc4 15.dxc4 Qb6
16.cxd5 cxd5 17.b5 a4 18.Nd4 Bc5 19.Nc6 Rfe8 20.Nf3 Ne4 21.Bd4 Nd6 22.Bxg7 Qxb5
23.Qxb5 Nxb5 24.Bxh6 Rec8 25.Nce5 Nxe5 26.Nxe5 Bc2 27.Bf4 Bxa3 28.Nd7 Ra7
29.Nf6+ Kg7 30.Be5 Kg6 31.h4 Bd6 32.Ng4 Bxe5 33.Nxe5+ Kf6 34.Ng4+ Kg7 35.Rfc1 Nd4
36.Re1 a3 37.e4 Nb3 38.Ra2 d4 39.Bf3 d3 40.Ne3 d2 41.Rf1 Bb1 42.Rxb1 Rc1+
43.Bd1 Rxb1 44.Kg2 Nc1  0-1

[Event "35th Open"]
[Site "Manresa ESP"]
[Date "2008.08.15"]
[Round "4"]
[White "Lorenzo de la Riva,L"]
[Black "Del Valle Cirera,A"]
[Result "1-0"]
[WhiteElo "2367"]
[BlackElo "2117"]

1.Nf3 d5 2.g3 Nf6 3.Bg2 c6 4.O-O Bf5 5.d3 h6 6.b3 Nbd7 7.Bb2 Qc7 8.c4 dxc4
9.bxc4 e5 10.Nbd2 Bd6 11.Rc1 O-O 12.e4 Bh7 13.Nb3 c5 14.Nbd2 Rab8 15.a4 a6
16.Nb1 b5 17.axb5 axb5 18.cxb5 Rxb5 19.Ba1 Rfb8 20.Na3 Rb3 21.Nc4 Ne8 22.Qc2 f6
23.Nfd2 R3b7 24.Ne3 Kh8 25.Nd5 Qd8 26.Nc4 Bg8 27.Bc3 Bc7 28.Nce3 Nd6 29.f4 Nb5
30.Nxc7 Qxc7 31.Ba1 Nd4 32.Bxd4 exd4 33.Nf5 Rb2 34.Qd1 Qa7 35.Ra1 Qb7 36.Qg4 Nf8
37.Rac1 Ne6 38.Nh4 Qb4 39.Rcd1 Bf7 40.e5 Qc3 41.exf6 gxf6 42.Ng6+ Kg8 43.Ne5+ Ng7
44.Nxf7 h5 45.Nh6+ Kh7 46.Be4+ f5 47.Bxf5+ Nxf5 48.Qxf5+ Kxh6 49.Rde1  1-0

[Event "IM"]
[Site "Panevezys LTU"]
[Date "2008.08.15"]
[Round "5"]
[White "Zickus,S"]
[Black "Labeckas,K"]
[Result "0-1"]
[WhiteElo "2269"]
[BlackElo "2265"]

1.Nf3 d5 2.g3 c6 3.Bg2 Nf6 4.O-O Bg4 5.d4 Nbd7 6.Nbd2 e6 7.Re1 Be7 8.e4 dxe4
9.Nxe4 Nxe4 10.Rxe4 Nf6 11.Re1 O-O 12.c3 Qd7 13.Qb3 Bxf3 14.Bxf3 a5 15.a4 h6
16.Bd2 Rfd8 17.Rad1 Qc7 18.c4 Rxd4 19.Bf4 Rxf4 20.gxf4 Bb4 21.Re3 Qxf4 22.Red3 g6
23.Rd4 Qg5+ 24.Kf1 Kg7 25.Qd3 Bc5 26.Rd8 Qh4 27.Qe2 Rxd8 28.Rxd8 Qxh2 29.Ra8 e5
30.Rxa5 Bd4 31.Qd2 g5 32.Ra8 g4 33.Bg2 g3 34.Qb4 c5 35.Qxb7 gxf2 36.Ke2 e4
37.Bf1 Qg3 38.Kd1 Qe3 39.Ra7 Qf3+ 40.Kd2 Ng4 41.Be2 e3+  0-1

[Event "Open"]
[Site "Panevezys LTU"]
[Date "2008.08.15"]
[Round "5"]
[White "Aleksandravicius,D"]
[Black "Petuchovas,R"]
[Result "0-1"]
[WhiteElo "1835"]
[BlackElo "1981"]

1.Nf3 d5 2.g3 Nf6 3.Bg2 Bg4 4.O-O c6 5.d4 e6 6.Nbd2 Nbd7 7.c4 Bd6 8.c5 Bc7
9.h3 Bh5 10.b4 e5 11.dxe5 Nxe5 12.Bb2 Nxf3+ 13.Nxf3 O-O 14.a4 Nd7 15.g4 Bg6
16.Nd4 h5 17.f4 hxg4 18.hxg4 Qh4 19.e3 Nf6 20.Nf3 Qxg4 21.Bxf6 gxf6 22.Nh2 Qxd1
23.Rfxd1 Rfe8 24.Kf2 Re6 25.Bh3 Re4 26.Ng4 Rxb4 27.Nxf6+ Kg7 28.Nd7 Rb2+
29.Kf3 Be4+ 30.Kg3 Rg8 31.Ne5 f6 32.Be6 Rg2+  0-1

[Event "83rd ch-FRA w"]
[Site "Pau FRA"]
[Date "2008.08.15"]
[Round "5"]
[White "Leconte,M"]
[Black "Congiu,M"]
[Result "1/2-1/2"]
[WhiteElo "2346"]
[BlackElo "2196"]

1.Nf3 d5 2.g3 Nf6 3.Bg2 c6 4.d3 Bg4 5.Ne5 Bh5 6.c4 Nfd7 7.d4 Nxe5 8.dxe5 e6
9.Qb3 Qa5+ 10.Nc3 Qb4 11.cxd5 exd5 12.Qxb4 Bxb4 13.Bd2 Nd7 14.f4 g5 15.e3 f6
16.exf6 gxf4 17.f7+ Kxf7 18.O-O f3 19.Bxf3 Bxf3 20.Rxf3+ Ke6 21.e4 d4 22.Nb1 Ne5
23.Rf5 Bd6 24.Bh6  1/2-1/2

[Event "Open"]
[Site "Ptuj SLO"]
[Date "2008.08.15"]
[Round "8"]
[White "Kukovec,B"]
[Black "Crepan,M"]
[Result "1/2-1/2"]
[WhiteElo "2228"]
[BlackElo "2363"]

1.Nf3 d5 2.g3 Nf6 3.Bg2 c6 4.b3 Bf5 5.Bb2 Nbd7 6.O-O h6 7.d3 e6 8.Nbd2 Be7
9.c4 O-O 10.Qc2 Bh7 11.a3 a5 12.Bc3 Qb6 13.Qb2 Rfc8 14.b4 a4 15.c5 Qa6 16.Bd4 Ne8
17.Rfe1 f6 18.Bh3 Nf8 19.Qc2 Rd8 20.Bb2 Nc7 21.Rad1 Bg6 22.Bf1 Nb5 23.e4 Qa7
24.e5  1/2-1/2

[Event "Alan Benson IM"]
[Site "San Francisco USA"]
[Date "2008.08.16"]
[Round "6"]
[White "Naroditsky,D"]
[Black "Shankland,S"]
[Result "1/2-1/2"]
[WhiteElo "2313"]
[BlackElo "2368"]

1.Nf3 d5 2.g3 c6 3.Bg2 Bg4 4.O-O Nd7 5.d4 e6 6.Nbd2 f5 7.c4 Ngf6 8.Qb3 Qb6
9.Ng5 Qxb3 10.axb3 Ke7 11.f3 Bh5 12.e4 fxe4 13.fxe4 h6 14.Nh3 g5 15.e5 Ne8
16.b4 Nc7 17.b3 Ke8 18.Ba3 Nb8 19.Rfc1 Nba6 20.b5 cxb5 21.Bd6 Kd7 22.Bxf8 Rhxf8
23.Ra5 Nb8 24.cxb5 b6 25.Ra4 Be2 26.Nc4  1/2-1/2

[Event "ch-Euro Seniors"]
[Site "Davos SUI"]
[Date "2008.08.17"]
[Round "9"]
[White "Zhelesny,S"]
[Black "Kverndal,L"]
[Result "1-0"]
[WhiteElo "2190"]
[BlackElo "1907"]

1.Nf3 d5 2.g3 g6 3.Bg2 Bg7 4.d4 Nf6 5.O-O O-O 6.Nbd2 b6 7.c4 Bb7 8.Ne5 Ne4
9.cxd5 Nxd2 10.Bxd2 Bxd5 11.e4 Bb7 12.Bc3 e6 13.d5 Qd6 14.Nc4 Qe7 15.Bxg7 Kxg7
16.Qd4+ Kg8 17.Rac1 c5 18.Qd2 exd5 19.exd5  1-0

[Event "ch-SCCF State"]
[Site "Los Angeles USA"]
[Date "2008.08.17"]
[Round "4"]
[White "Matikozian,A"]
[Black "Lakdawala,C"]
[Result "1/2-1/2"]
[WhiteElo "2470"]
[BlackElo "2424"]

1.Nf3 d5 2.g3 c6 3.Bg2 Bg4 4.O-O Nd7 5.d3 Ngf6 6.Nbd2 e5 7.e4 Bd6 8.h3 Bh5
9.exd5 cxd5 10.c4 d4 11.Re1  1/2-1/2

[Event "XXI Virxe Peregrina Open"]
[Site "Pontevedra ESP"]
[Date "2008.08.17"]
[Round "8"]
[White "Stanoev,A"]
[Black "Diaz Nunez,A"]
[Result "1-0"]
[WhiteElo "2198"]
[BlackElo "2251"]

1.Nf3 d5 2.g3 Nf6 3.Bg2 c6 4.O-O Bg4 5.d3 Nbd7 6.h3 Bh5 7.Nbd2 e5 8.e4 dxe4
9.dxe4 Be7 10.b3 O-O 11.Bb2 Qc7 12.Qe2 Rfe8 13.Rfe1 a5 14.a4 Bb4 15.Red1 Rad8
16.Nc4 b5 17.Na3 bxa4 18.bxa4 Bxf3 19.Bxf3 Nb6 20.Rxd8 Rxd8 21.Nc4 Nxc4 22.Qxc4 Rd2
23.Bc1 Rd4 24.Qe2 Rd8 25.Be3 h6 26.Rb1 Nd7 27.Qc4 Nb6 28.Bxb6 Qxb6 29.c3 Rd2
30.Qf1 Qc5 31.cxb4 axb4 32.Qe1 Qd4 33.Rd1 Rxd1 34.Qxd1 Qc3 35.Be2 b3 36.Qb1 c5
37.a5 c4 38.Kg2 Qc2 39.Qd1 Qxe4+ 40.Bf3 Qd3 41.a6 b2 42.a7 b1=Q 43.Qxb1  1-0

[Event "23rd Open"]
[Site "Schwarzach AUT"]
[Date "2008.08.17"]
[Round "2"]
[White "Legahn,D"]
[Black "Smith,Ax"]
[Result "1/2-1/2"]
[WhiteElo "2190"]
[BlackElo "2427"]

1.Nf3 d5 2.g3 Bg4 3.Bg2 Nd7 4.d3 e5 5.Nbd2 Ngf6 6.h3 Bh5 7.O-O c6 8.e4 dxe4
9.Nxe4 Nxe4 10.dxe4 Bc5 11.Qe1 O-O 12.Bd2 Qf6 13.Bg5 Qe6 14.Qc3 f6 15.Be3 Bxe3
16.Qxe3 Rfd8 17.Rfd1 Nb6 18.b3 Qe7 19.a4 Rxd1+ 20.Rxd1 Rd8 21.Rd2 Rxd2 22.Nxd2 Qd8
23.a5 Nc8 24.b4 b6 25.axb6 axb6 26.Kh2 Kf8 27.Bf1 Nd6 28.Nc4 Nxc4 29.Bxc4 Qd4
30.Qxd4 exd4 31.Kg2 Ke7 32.f4 Kd6 33.g4 Be8 34.Kf3 c5 35.bxc5+ bxc5 36.h4 h6
37.h5 Ba4  1/2-1/2

[Event "Jessie Gilbert Celebration Int"]
[Site "Coulsdon ENG"]
[Date "2008.08.18"]
[Round "3"]
[White "McNab,C"]
[Black "Radovanovic,J"]
[Result "1-0"]
[WhiteElo "2450"]
[BlackElo "2325"]

1.Nf3 d5 2.g3 c6 3.Bg2 Nf6 4.b3 Bg4 5.Bb2 Nbd7 6.d3 Bxf3 7.Bxf3 e6 8.Nd2 Qc7
9.c4 h5 10.Qc2 h4 11.g4 Ne5 12.g5 Nfd7 13.O-O-O Qa5 14.Kb1 Ba3 15.Rhg1 Bxb2
16.Qxb2 Qb6 17.d4 Nxf3 18.Nxf3 a5 19.Rg4 h3 20.e4 dxc4 21.bxc4 Qa6 22.Rc1 O-O-O
23.Rg3 f6 24.c5 a4 25.Nd2 e5 26.d5 Qe2 27.Ra3 Qb5 28.Rc4 Qxb2+ 29.Kxb2 Nb8
30.d6 b5 31.cxb6 Rxd6 32.Nf3 Rhd8 33.Rcxa4 Rd3 34.Ra7 Rxa3 35.Rc7+  1-0

[Event "5th DA Tan Malaysian Open"]
[Site "Kuala Lumpur MAS"]
[Date "2008.08.18"]
[Round "1"]
[White "Shen Siyuan"]
[Black "Kadek,I"]
[Result "1-0"]
[WhiteElo "2316"]
[BlackElo "1838"]

1.Nf3 d5 2.g3 Nf6 3.c4 c6 4.b3 Nbd7 5.Bb2 e6 6.Bg2 Bd6 7.d4 O-O 8.O-O Re8
9.Nc3 Nf8 10.Qc2 Ng6 11.Rfd1 Bd7 12.e4 dxe4 13.Nxe4 Nxe4 14.Qxe4 Qc7 15.h4 Ne7
16.c5 Bxg3 17.fxg3 Qxg3 18.Ne5 f5 19.Rd3 fxe4 20.Rxg3 Nf5 21.Rg4 Rad8 22.Bxe4 Bc8
23.Re1 Rf8 24.Rf4 g6 25.Bxf5 exf5 26.Nc4 b6 27.Nd6 Rd7 28.Rf3 h6 29.Rfe3 f4
30.Re8 Rd8 31.R8e7 f3 32.Kf2 Bg4 33.d5 Rd7 34.dxc6 Rxe7 35.Rxe7 Ra8 36.Bg7  1-0

[Event "XXI Virxe Peregrina Open"]
[Site "Pontevedra ESP"]
[Date "2008.08.18"]
[Round "9"]
[White "Santaclara Rodriguez,R"]
[Black "Carrera Perez,F"]
[Result "1/2-1/2"]
[WhiteElo "2154"]
[BlackElo "2266"]

1.g3 d5 2.Nf3 Bg4 3.Bg2 Nd7 4.d4 e6 5.c4 c6 6.Nbd2 Ngf6 7.O-O Be7 8.b3 h6
9.Bb2 Bf5 10.Ne5 O-O 11.Nxd7 Qxd7 12.Re1 Ne4 13.Nxe4 Bxe4 14.Bh3 b5 15.c5 Qc7
16.a3 a5 17.f3 Bh7 18.Rc1 Bg5 19.e3 f5 20.f4 Bd8 21.Bg2 Qf7 22.Bf3 Bc7 23.Kf2 Qf6  1/2-1/2

[Event "Alan Benson IM"]
[Site "San Francisco USA"]
[Date "2008.08.18"]
[Round "8"]
[White "De Guzman,R"]
[Black "Shankland,S"]
[Result "1-0"]
[WhiteElo "2389"]
[BlackElo "2368"]

1.Nf3 d5 2.g3 Nc6 3.Bg2 e5 4.O-O Bg4 5.d3 Qd7 6.c4 dxc4 7.dxc4 O-O-O 8.Qa4 Bc5
9.Nc3 Nf6 10.Bg5 Qf5 11.Bxf6 gxf6 12.Qb5 Bb6 13.c5 Bxf3 14.exf3 a6 15.Qc4 Rd4
16.Qxf7 Bxc5 17.Ne4 Rf8 18.Qb3 Bb6 19.Rac1 Qd7 20.a3 Qd5 21.Qxd5 Rxd5 22.f4 Rb5
23.fxe5 Rxe5 24.Kh1 Kb8 25.f4 Re7 26.Nc3 Nd4 27.Rfe1 Rd7 28.Rcd1 h5 29.Rd3 c6
30.Red1 Re7 31.Bf3 Nxf3 32.Rxf3 f5 33.Rfd3 Kc7 34.Kg2 Rg8 35.R1d2 Rge8 36.Rc2 Kb8
37.Rdd2 h4 38.Re2 hxg3 39.Rxe7 Rxe7 40.hxg3 Bd4 41.Ne2 Ba7 42.Ng1 Bxg1 43.Kxg1 Re3
44.Kh2 Kc7 45.Rc5 Re2+ 46.Kh3 Rxb2 47.Rxf5 Rb3 48.Kh4 Rxa3 49.Rf7+ Kd6 50.Rxb7 c5
51.g4 c4 52.Rb8 c3 53.Rc8 Rb3 54.g5 Ke6 55.Kg4 a5 56.g6 Kf6 57.Rc6+ Kg7 58.Kg5 c2
59.Rc7+  1-0

[Event "Independence Cup A"]
[Site "Kyiv UKR"]
[Date "2008.08.19"]
[Round "7"]
[White "Ianov,V"]
[Black "Bogdanovich,S"]
[Result "1/2-1/2"]
[WhiteElo "2370"]
[BlackElo "2299"]

1.Nf3 d5 2.g3 Nf6 3.Bg2 c6 4.O-O Bg4 5.b3 e6 6.Bb2 Be7 7.d3 O-O 8.Nbd2 a5
9.a3 c5 10.Ne5 Bh5 11.c4 Nc6 12.cxd5 Nxe5 13.Bxe5 Nxd5 14.Re1 Rc8 15.Qc2 Bd6
16.Bb2 b6 17.Rac1 Qd7 18.Nc4 Bc7 19.Qd2 Bg6 20.d4 Rfd8 21.dxc5 bxc5 22.e4 Nf6
23.Qc3 a4 24.b4 cxb4 25.axb4 Bb8 26.Qa3 Ba7 27.Bxf6 gxf6 28.Qf3 Qd4 29.Bf1 f5
30.exf5 Bxf5 31.Red1 Be4 32.Rxd4 Bxf3 33.Rxd8+ Rxd8 34.b5 Rd1 35.Rxd1 Bxd1
36.b6 Bb8 37.Bd3 Kf8 38.f4 Ke7 39.Kf2 f6 40.Ke1 Bf3 41.Kd2 h6 42.Kc3 e5 43.fxe5 fxe5
44.Kb4 Ke6 45.Kxa4 Kd5 46.Kb5 Kd4 47.Bf1 e4 48.Na5 Ke3 49.Nc6 Kf2 50.Nxb8 Kxf1
51.Nc6 e3 52.b7 e2 53.b8=Q e1=Q 54.Nb4 Qe2+ 55.Ka5 Kg2 56.g4 Qf2 57.Qd6 Bxg4
58.Nd3 Qd2+ 59.Kb6 Qe3+ 60.Kc7 h5 61.Nf4+ Kh1 62.h3 Bf3 63.h4 Qc3+ 64.Kd8 Qh8+
65.Ke7 Qg7+ 66.Kd8 Qg8+ 67.Ke7 Qg7+ 68.Kd8 Qg3 69.Qf6 Qe1 70.Qg5 Qd1+ 71.Ke7 Qe1+
72.Kf7 Qd1 73.Qf5 Qb3+ 74.Kf6 Bg4 75.Qe4+ Qf3 76.Qe1+ Kh2 77.Kg5 Qg3 78.Qxg3+ Kxg3
79.Nxh5+ Kh3 80.Nf6 Bf3 81.Nd7 Bd1 82.Ne5 Be2 83.Nc6 Bf3 84.Nb4 Be2  1/2-1/2

[Event "5th DA Tan Malaysian Open"]
[Site "Kuala Lumpur MAS"]
[Date "2008.08.20"]
[Round "5"]
[White "Dableo,R"]
[Black "Lim Yee Weng"]
[Result "1/2-1/2"]
[WhiteElo "2444"]
[BlackElo "2367"]

1.Nf3 d5 2.g3 Nf6 3.Bg2 Bf5 4.O-O e6 5.d3 h6 6.Nbd2 Be7 7.Qe1 O-O 8.e4 Bh7
9.Kh1 c5 10.Ne5 Qc7 11.f4 dxe4 12.dxe4 Nfd7 13.Ng4 Nc6 14.Ne3 b5 15.a4 a6
16.axb5 axb5 17.Rxa8 Rxa8 18.c4 bxc4 19.Ndxc4 Nb6 20.Nxb6 Qxb6 21.Nd5 exd5
22.exd5 Bd3 23.Rg1 Bf6 24.dxc6 Bd4 25.c7 Rc8 26.Be3 Qxc7 27.Qf2 Bxe3  1/2-1/2

[Event "U16 Olympiad"]
[Site "Mersin TUR"]
[Date "2008.08.20"]
[Round "5"]
[White "Kavinda,A"]
[Black "Yilmaz,M"]
[Result "0-1"]
[WhiteElo "2029"]
[BlackElo "2362"]

1.Nf3 d5 2.g3 Nf6 3.Bg2 Bf5 4.O-O e6 5.d4 Be7 6.c4 c6 7.Qb3 Qb6 8.Nc3 Nbd7
9.Bf4 dxc4 10.Qxc4 Qxb2 11.Rab1 Bxb1 12.Rxb1 Nb6 13.Qxc6+ bxc6 14.Rxb2 Nfd5
15.Ne5 Rc8 16.Rc2 O-O 17.Be4 c5 18.Nxd5 Nxd5 19.Nd7 Rfd8 20.Nxc5 Nxf4 21.gxf4 Rxd4
22.Nb3 Rxc2 23.Nxd4 Rxa2 24.Nc6 Rxe2 25.Nxe7+ Kf8 26.Nc6 Rxe4 27.Nxa7 Rxf4  0-1

[Event "44th Rubinstein Mem Open A"]
[Site "Polanica Zdroj POL"]
[Date "2008.08.21"]
[Round "3"]
[White "Panocki,A"]
[Black "Rudnicki,M"]
[Result "0-1"]
[WhiteElo "2338"]
[BlackElo "2197"]

1.Nf3 d5 2.g3 Nf6 3.Bg2 e6 4.d4 c5 5.c4 Nc6 6.cxd5 Nxd5 7.O-O cxd4 8.Nxd4 Bc5
9.Nxc6 bxc6 10.Qc2 Qb6 11.Nc3 Nxc3 12.Qxc3 O-O 13.Bf4 Bb7 14.Rac1 Bd4 15.Qc2 Rfd8
16.b3 Rac8 17.Bg5 Rd7 18.e3 Be5 19.Rfd1 Rxd1+ 20.Qxd1 Qc7 21.Rc4 h6 22.Bf4 Rd8
23.Qh5 Bxf4 24.Rxf4 Rd2 25.Ra4 g6 26.Qxh6 Rd1+ 27.Bf1 Qe5 28.Qf4 Qxf4 29.gxf4 c5
30.f3 Bxf3 31.Kf2 Bd5 32.Rxa7 Rd2+ 33.Kg3 Rd1 34.Kf2 Rd2+ 35.Kg3 Rd1 36.Bc4 Be4
37.a4 Rd2  0-1

[Event "Open A"]
[Site "Vladimir RUS"]
[Date "2008.08.21"]
[Round "9"]
[White "Kokarev,Dm"]
[Black "Lavrik,D"]
[Result "1/2-1/2"]
[WhiteElo "2582"]
[BlackElo "2387"]

1.g3 d5 2.Nf3 Nf6 3.Bg2 c6 4.O-O Bg4 5.d3 Nbd7 6.h3 Bh5 7.c4 dxc4 8.dxc4 e5
9.Nc3 Be7 10.Nh4 Bg6 11.Nxg6 hxg6 12.Qc2 Qc7 13.Rb1 a5 14.Be3 O-O 15.Na4 b6
16.Rfd1 Rfd8 17.a3 Nc5 18.Nxc5 Bxc5 19.Bg5 Be7 20.Qa4 Rxd1+ 21.Rxd1 Rc8 22.Bd2 c5
23.Bc3 Rd8 24.Rxd8+ Bxd8 25.Kf1 Qd7 26.Qxd7 Nxd7 27.Bc6 Nb8 28.Bb5 Bc7 29.Kg2 Kf8
30.Kf3 Ke7 31.Ke4 Ke6 32.f4 f5+ 33.Kf3 Nd7 34.Bxd7+ Kxd7 35.Bxe5 Bxe5 36.fxe5 g5
37.e4 Ke6 38.exf5+ Kxf5 39.e6 Kxe6 40.Ke4 a4 41.h4 g6 42.hxg5 Kd6  1/2-1/2

[Event "XIII Konik Morski Open A"]
[Site "Rewal POL"]
[Date "2008.08.22"]
[Round "3"]
[White "Wieczorek,Z"]
[Black "Jagodzinski,W"]
[Result "1-0"]
[WhiteElo "2317"]
[BlackElo "2141"]

1.Nf3 d5 2.g3 c5 3.Bg2 Nc6 4.O-O e5 5.d3 Bd6 6.e4 d4 7.Nh4 Be6 8.Na3 Nge7
9.Qe1 Qd7 10.f4 f6 11.Nf3 O-O-O 12.Rf2 h6 13.f5 Bf7 14.c4 dxc3 15.bxc3 Bc7
16.Bf1 Na5 17.Be3 Bb6 18.Rb2 Nec6 19.Qf2 Qe7 20.Rb5 Rd7 21.Nc2 Kc7 22.Bxc5 Bxc5
23.Rxc5 a6 24.Nb4 b6 25.Nxa6+ Kc8 26.Rb5 Rb7 27.Rxb6 Rxb6 28.Qxb6 Qb7 29.Qxb7+ Kxb7
30.Nc5+ Kb6 31.d4 exd4 32.cxd4 Re8 33.Rb1+ Kc7 34.Ne6+ Bxe6 35.fxe6 Rb8 36.Rxb8 Kxb8
37.d5  1-0

[Event "XXV Open"]
[Site "Collado Villalba ESP"]
[Date "2008.08.23"]
[Round "2"]
[White "Vassallo Barrochz,M"]
[Black "Sotoca Aguado,J"]
[Result "1-0"]
[WhiteElo "2398"]
[BlackElo "2040"]

1.Nf3 d5 2.g3 Nf6 3.Bg2 e6 4.O-O Be7 5.d4 O-O 6.c4 Nbd7 7.Qc2 c6 8.Nbd2 b6
9.e4 Bb7 10.Rd1 Qc8 11.e5 Ne8 12.Nf1 dxc4 13.Bg5 Bxg5 14.Nxg5 g6 15.Qxc4 b5
16.Qe2 Nb6 17.Rac1 Qd8 18.Ne4 Nd5 19.Ne3 Rb8 20.Qd2 Nec7 21.Ng4 h5 22.Qh6  1-0

[Event "Jessie Gilbert Celebration Int"]
[Site "Coulsdon ENG"]
[Date "2008.08.23"]
[Round "8"]
[White "Jones,G"]
[Black "Lalic,B"]
[Result "1/2-1/2"]
[WhiteElo "2549"]
[BlackElo "2533"]

1.Nf3 d5 2.g3 g6 3.Bg2 Bg7 4.c4 c6 5.cxd5 cxd5 6.O-O Nc6 7.d4 Nf6 8.Nc3 Ne4
9.Nd2 Nxd2 10.Bxd2 e6 11.e3 O-O 12.Rb1 b6 13.b4 Bb7 14.Qb3 Ba6 15.b5 Na5
16.Qd1 Bb7  1/2-1/2

[Event "U16 Olympiad"]
[Site "Mersin TUR"]
[Date "2008.08.23"]
[Round "9"]
[White "Datu,A"]
[Black "Mammadov,A"]
[Result "0-1"]
[WhiteElo "2138"]
[BlackElo "2347"]

1.Nf3 d5 2.g3 Nf6 3.Bg2 c6 4.O-O Bg4 5.Ne5 Bh5 6.c4 e6 7.b3 Nbd7 8.Nxd7 Qxd7
9.Bb2 Be7 10.d3 O-O 11.Nd2 Rad8 12.Nf3 Bxf3 13.Bxf3 Qc7 14.Qc2 e5 15.cxd5 Nxd5
16.a3 Qd6 17.Rab1 f5 18.b4 a6 19.Qc4 Kh8 20.Ba1 Qe6 21.Rfc1 Bg5 22.Rc2 Rde8
23.Bg2 f4 24.a4 Qh6 25.Bf3 fxg3 26.hxg3 Ne3 27.Qa2 Qh3  0-1

[Event "U16 Olympiad"]
[Site "Mersin TUR"]
[Date "2008.08.24"]
[Round "10"]
[White "Bregadze,L"]
[Black "Yilmaz,M"]
[Result "1/2-1/2"]
[WhiteElo "2399"]
[BlackElo "2362"]

1.Nf3 d5 2.g3 Nf6 3.Bg2 Bf5 4.c4 c6 5.Qb3 Qb6 6.Qxb6 axb6 7.cxd5 Nxd5 8.Na3 e6
9.O-O Bxa3 10.bxa3 Nd7 11.Bb2 O-O 12.Nd4 Bg6 13.f4 Nc7 14.Rac1 Nc5 15.d3 Na4
16.Ba1 Nc5 17.Bb2 Na4 18.Ba1 Nc5 19.g4 Rxa3 20.h4 f6 21.Rb1 Rxa2 22.Rxb6 Rd8
23.h5 Bf7 24.Nb3 Nxb3 25.Rxb3 Nb5 26.Rb2 Rda8 27.Rxa2 Rxa2 28.Bf3 h6 29.Kf2 Ra4
30.Ke3 Na3 31.Rc1 Nc2+ 32.Rxc2 Rxa1 33.Rb2 Ra7 34.Kd4 Kf8 35.Kc5 Ke7 36.Rb4 Be8
37.Kb6 Ra2 38.d4 Rc2 39.Kxb7 c5 40.dxc5  1/2-1/2

[Event "44th Rubinstein Mem Open A"]
[Site "Polanica Zdroj POL"]
[Date "2008.08.24"]
[Round "6"]
[White "Kocwin,B"]
[Black "Hnydiuk,A"]
[Result "1/2-1/2"]
[WhiteElo "2245"]
[BlackElo "2387"]

1.Nf3 d5 2.g3 Bg4 3.Bg2 Nd7 4.O-O c6 5.b3 Ngf6 6.Bb2 e6 7.h3 Bxf3 8.Bxf3 Bd6
9.d3 O-O 10.Nd2 a5 11.a4 b5 12.e4 Qb6 13.d4 dxe4 14.Nxe4 Nxe4 15.Bxe4 Nf6
16.Bd3 Rfb8 17.h4 b4 18.h5 Nd5 19.Qf3 Be7 20.Rae1 Bf6 21.Re4 Rd8 22.Rg4 h6
23.Re1 Kf8 24.Kg2 Ra7 25.Bc4 Rad7 26.Bc1 Ke7 27.Ree4 Nc3 28.Ref4 Qb7 29.Be3 Nd5
30.Re4 Qc7 31.Bd2 Nc3 32.Bxc3 bxc3 33.Qxc3 c5 34.Qf3 Rxd4 35.Rxd4 Rxd4 36.Rxd4  1/2-1/2

[Event "XIII Konik Morski Open A"]
[Site "Rewal POL"]
[Date "2008.08.25"]
[Round "5"]
[White "Wieczorek,Z"]
[Black "Przybylski,W"]
[Result "1/2-1/2"]
[WhiteElo "2317"]
[BlackElo "2363"]

1.Nf3 d5 2.g3 c6 3.Bg2 Bg4 4.d3 Nd7 5.Nbd2 e5 6.e4 Bd6 7.h3 Be6 8.O-O f6
9.d4 Nh6 10.dxe5 Bxe5 11.Nxe5 fxe5 12.exd5 cxd5 13.Nb3 Nf6 14.Bxh6 gxh6 15.Re1 Qd6
16.Qe2 e4 17.Qe3 h5 18.Rad1 Qe5 19.Nd4 Bf7 20.Qa3 Qe7 21.Qa4+ Kf8 22.Qa5 Bg6
23.Re3 b6 24.Qa6 Kg7 25.Rc3 Rhe8 26.Bf1 Kh8 27.Qa3 Qe5 28.Bb5 Rg8 29.Rc6 Bf7
30.Qd6 Qxd6 31.Rxd6 Rg6 32.Nf5 Ne8 33.Bxe8 Rxe8 34.Rxg6 Bxg6 35.Ne3 Bf7 36.Nxd5 Rd8
37.Ne3 Rxd1+ 38.Nxd1 Bxa2 39.Nc3 Be6 40.h4 Bf5 41.Nb5 a6 42.Nd4 Bg4 43.Kf1 Kg7
44.Ke1 Kf6 45.Kd2 Ke5 46.Ke3 Bd7 47.c3 Ba4 48.Ne2 Bd1 49.Nd4 Ba4 50.Ne2 Bc6
51.Nf4 Be8 52.Ne2 a5 53.Nd4 Bd7 54.Ne2 Be6 55.Nd4 Bd5 56.Nb5 Bc6 57.Nd4 Be8
58.Ne2 a4 59.Nd4 Bd7 60.Ne2 b5 61.Nd4 Be8 62.Nc2 Kd5 63.Nd4 Bd7 64.Ne2 Kc4
65.Kd2 Bc6 66.Nf4 Kb3 67.Kc1 a3 68.bxa3 Kxc3 69.Ne2+ Kd3 70.Nf4+ Kc3 71.Ne2+ Kc4
72.Kc2 Bd7 73.Nf4 Bf5 74.Kb2 h6 75.Nxh5 Kd3 76.Nf6 h5 77.Nxh5 Ke2 78.g4 Bxg4
79.Ng3+ Kf3 80.Kc3 e3 81.fxe3 Kxg3 82.Kb4 Kxh4 83.Kxb5 Kg5 84.a4  1/2-1/2

[Event "16th Nikea Open"]
[Site "Athens GRE"]
[Date "2008.08.26"]
[Round "2"]
[White "Aggelis,N"]
[Black "Mbirlis,H"]
[Result "1-0"]
[WhiteElo "2271"]
[BlackElo "2004"]

1.Nf3 d5 2.g3 Nf6 3.Bg2 c5 4.O-O Nc6 5.d4 Bf5 6.c4 e6 7.Nc3 Be7 8.cxd5 exd5
9.dxc5 O-O 10.Nd4 Bg6 11.Nb3 d4 12.Bxc6 bxc6 13.Qxd4 Qc8 14.Bg5 Qf5 15.Qf4 Qh3
16.Qh4 Qf5 17.e4 Qe6 18.Nd4 Qd7 19.e5 h6 20.Bxf6 gxf6 21.exf6 Bd8 22.Rad1 Kh7
23.Ne4 Rh8 24.Rfe1 Ba5 25.b4 Bxb4 26.Nc2 Qf5 27.Nxb4 Rhb8 28.Nxc6 Rb2 29.Ne7  1-0

[Event "16th Nikea Open"]
[Site "Athens GRE"]
[Date "2008.08.26"]
[Round "2"]
[White "Papadimitriou,A"]
[Black "Koutsogiannis,E"]
[Result "1-0"]
[WhiteElo "2064"]
[BlackElo "1879"]

1.Nf3 d5 2.g3 Nf6 3.Bg2 Nbd7 4.d4 e6 5.O-O Bd6 6.c4 c6 7.Nc3 O-O 8.Nd2 Re8
9.e4 dxe4 10.Ndxe4 Nxe4 11.Nxe4 Be7 12.b3 Nf6 13.Bb2 Nxe4 14.Bxe4 Bf6 15.Qc2 h5
16.Rad1 h4 17.d5 exd5 18.cxd5 Bxb2 19.dxc6 Qf6 20.cxb7 Rb8 21.bxc8=Q Rbxc8
22.Qb1 Bd4 23.Qd3 Rcd8 24.Qf3 hxg3 25.hxg3 Qg5 26.Kg2 Qf6 27.Qg4 Bb6 28.Bf3 Rd4
29.Rxd4 Qxd4 30.Qxd4 Bxd4 31.Rd1 Rd8 32.b4 Bb6 33.Bd5 Kf8 34.a4 Ke7 35.f4 Bc7
36.a5 Rb8 37.Re1+ Kf6 38.Rc1 Bd6 39.Rc6 Ke7 40.Ra6 Bxb4 41.Rxa7+ Kd6 42.Bxf7 Bc5
43.Ra6+ Ke7 44.Bd5 Rb5 45.Ra8 Bb4 46.a6 Rxd5 47.a7 Ra5 48.Rg8 Kf6 49.a8=Q Rxa8
50.Rxa8 Bc3 51.Kf3 Kg6 52.g4 Bb2 53.g5 Kh5 54.Rh8+ Kg6 55.Kg4 Kf7 56.Ra8 Kg6
57.f5+ Kf7 58.Ra7+ Kf8 59.Kh5 Bc3 60.Kg6 Bb2 61.Rf7+ Ke8 62.Rxg7  1-0

[Event "UAE President's Cup"]
[Site "Al Ain UAE"]
[Date "2008.08.27"]
[Round "6"]
[White "AlHuwar,J"]
[Black "Abdulkarim,A"]
[Result "1-0"]
[WhiteElo "2260"]
[BlackElo "1906"]

1.Nf3 d5 2.g3 g6 3.Bg2 Bg7 4.O-O e5 5.c4 e4 6.Ne1 f5 7.cxd5 Nf6 8.d3 O-O
9.Qb3 Kh8 10.Nc3 Nbd7 11.dxe4 fxe4 12.Nc2 Nc5 13.Qa3 b6 14.b4 Nxd5 15.Nxd5 Qxd5
16.bxc5 Bxa1 17.Nxa1 Be6 18.Bb2+ Kg8 19.Qc3 Kf7 20.Nc2 Ke8 21.Ne3 Qxc5 22.Qg7 Qe7
23.Bxe4 Rd8 24.Bc6+ Bd7 25.Qxe7+  1-0

[Event "2nd Open"]
[Site "Urumia IRI"]
[Date "2008.08.27"]
[Round "2"]
[White "Saba,E"]
[Black "Abbasov,F"]
[Result "0-1"]
[WhiteElo "2077"]
[BlackElo "2552"]

1.Nf3 d5 2.g3 c6 3.Bg2 Bg4 4.d3 Nd7 5.Nbd2 e5 6.O-O Bd6 7.c4 Ngf6 8.b3 O-O
9.Bb2 Re8 10.Qc2 h6 11.Rac1 Qe7 12.e4 dxe4 13.Nxe4 Nxe4 14.dxe4 Ba3 15.h3 Bxf3
16.Bxf3 Bxb2 17.Qxb2 Nc5 18.Rcd1 a5 19.Rd2 Rad8 20.Rfd1 Rxd2 21.Qxd2 Qc7
22.h4 Ne6 23.Qd6 Qxd6 24.Rxd6 Nc5 25.Kf1 Kf8 26.Ke2 Ke7 27.Rd2 Ra8 28.Ke3 Ra6
29.Bg4 Rb6 30.f4 a4 31.Bd1 axb3 32.axb3 Nxb3 33.Rb2 Na5 34.Rc2 Rb1 35.Be2 Rb3+
36.Bd3 c5  0-1